| 000 | 00499nam a2200205Ia 4500 | ||
|---|---|---|---|
| 003 | OSt | ||
| 005 | 20140317130701.0 | ||
| 008 | 140130s9999 xx 000 0 und d | ||
| 020 | _a0439633745 | ||
| 050 |
_aPZ 7 _b.R686D2 2004 |
||
| 100 | _aRodda, Emily | ||
| 245 |
_cEmily Rodda. _aShadowgate / |
||
| 260 |
_bScholastic, _c2004. _aNew York : |
||
| 300 |
_a195 p. : _bill. ; _c18 cm. |
||
| 440 |
_v1 _aDragons of deltora |
||
| 521 | _aG4 | ||
| 526 | _c670 | ||
| 942 |
_cBK _2lcc |
||
| 999 |
_c40927 _d40927 |
||